00577nam a2200157 a 450000100100000000500170001000800410002702000150006804000250008308200270010810000210013524501190015626000420027530000290031750000730034600004656220201002052948.0150826s1974 xxub 000 0 spa d a0807724262 aDO-SdBNPbspacBNPHU axxxxxxxxxxbxxxxxxxxxx1 aHendricks, Glenn10aThe dominican diaspora :bfrom the Dominican Republic to New York City-villagers in transition /cGlenn Hendricks. aNew York, :bTeachers College,c1974. a170 p. :bmap. ;c24 cm. aIncluye referencias bibliográficas y notas al pie de las páginas